Provinces of Chad (on a map) FIXED - Statistics

General Stats
  • This quiz has been taken 485 times
  • The average score is 12 of 23
Answers on the Map
Answers color-coded by a green-red scale on the quiz's map according to % correct below.
 
Answer Stats
Province % Correct
Ville de N'djamena
89%
Ennedi-Est
69%
Ennedi-Ouest
69%
Tibesti
69%
Lac
66%
Borkou
57%
Mayo-Kebbi Ouest
57%
Mayo-Kebbi Est
56%
Batha
54%
Kanem
52%
Bahr el-Gazel
51%
Logone Occidental
51%
Logone Oriental
51%
Ouaddaï
49%
Sila
49%
Salamat
48%
Guéra
46%
Wadi Fira
46%
Moyen-Chari
41%
Hadjer-Lamis
39%
Chari-Baguirmi
38%
Mandoul
38%
Tandjilé
34%
No matching quizzes found
Score Distribution
Percent of People with Each Score
Percentile by Number Answered
Your Score History
You have not taken this quiz